La migración española de 1939 y los inicios del Marxismo-Leninismo en La República Dominicana / (Registro nro. 13542)

Detalles MARC
000 -LEADER
fixed length control field 00976nam a2200253 u 4500
003 - CONTROL NUMBER IDENTIFIER
control field DO-SdBNP
005 - DATE AND TIME OF LATEST TRANSACTION
control field 20210527105202.0
008 - FIXED-LENGTH DATA ELEMENTS--GENERAL INFORMATION
fixed length control field 090723s1984 dr ac r 001 0 spa d
040 ## - CATALOGING SOURCE
Original cataloging agency BPMSU
Language of cataloging spa
Transcribing agency BPMSU
082 ## - DEWEY DECIMAL CLASSIFICATION NUMBER
Classification number 335.43097293
Item number V422m 1984
Edition number 22
100 ## - MAIN ENTRY--PERSONAL NAME
Personal name Vega, Bernardo,
Dates associated with a name 1938 -
245 13 - TITLE STATEMENT
Title La migración española de 1939 y los inicios del Marxismo-Leninismo en La República Dominicana /
Statement of responsibility, etc. Bernardo Vega.
260 ## - PUBLICATION, DISTRIBUTION, ETC. (IMPRINT)
Place of publication, distribution, etc. Santo Domingo :
Name of publisher, distributor, etc. Fundación Cultural Dominicana,
Date of publication, distribution, etc. 1984
300 ## - PHYSICAL DESCRIPTION
Extent 208 p. :
Other physical details il ;
Dimensions 23 cm.
500 ## - GENERAL NOTE
General note Incluye referencias bibliográficas y notas al pie de las páginas
504 ## - BIBLIOGRAPHY, ETC. NOTE
Bibliography, etc Bibliografía: p. 207-208
590 ## - LOCAL NOTE (RLIN)
Local note Inventariado, 2021/VM
650 #4 - SUBJECT ADDED ENTRY--TOPICAL TERM
Topical term or geographic name as entry element Comunismo
Geographic subdivision República Dominicana
General subdivision Historia
650 #4 - SUBJECT ADDED ENTRY--TOPICAL TERM
Topical term or geographic name as entry element Españoles
Geographic subdivision República Dominicana
General subdivision Historia
651 #4 - SUBJECT ADDED ENTRY--GEOGRAPHIC NAME
Geographic name República Dominicana
General subdivision Emigración e inmigración
-- Historia
651 #4 - SUBJECT ADDED ENTRY--GEOGRAPHIC NAME
Geographic name España
General subdivision Emigración e inmigración
910 ## - USER-OPTION DATA (OCLC)
User-option data VMateo
942 ## - ADDED ENTRY ELEMENTS (KOHA)
Source of classification or shelving scheme Dewey Decimal Classification
Koha item type Libros
Existencias
Withdrawn status Lost status Source of classification or shelving scheme Damaged status Not for loan Collection code Home library Current library Date acquired Source of acquisition Full call number Barcode Date last seen Price effective from Koha item type
    Dewey Decimal Classification     Colección Dominicana Biblioteca Pública Metropolitana Salomé Ureña Biblioteca Pública Metropolitana Salomé Ureña 05/27/2021 Reyes Duluc BPMSU CD 335.43097293 V422m 1984 BPMSU21050179 05/27/2021 05/27/2021 Libros